Catálogo
 En Linea

El león y el balón / (Registro nro. 55803)

Detalles MARC
000 -CABECERA
campo de control de longitud fija 01793nam a2200313 i 4500
003 - IDENTIFICADOR DEL NÚMERO DE CONTROL
campo de control DO-SdBNP
005 - FECHA Y HORA DE LA ÚLTIMA TRANSACCIÓN
campo de control 20240321120929.0
007 - CAMPO FIJO DE DESCRIPCIÓN FÍSICA--INFORMACIÓN GENERAL
campo de control de longitud fija ta
008 - DATOS DE LONGITUD FIJA--INFORMACIÓN GENERAL
campo de control de longitud fija 110413s2016 dr a 000 j spa d
040 ## - FUENTE DE LA CATALOGACIÓN
Centro catalogador/agencia de origen DO-SdBNP
Lengua de catalogación spa
Centro/agencia transcriptor BNPHU
Normas de descripción rda
082 ## - NÚMERO DE LA CLASIFICACIÓN DECIMAL DEWEY
Número de documento/Ítem F953
Número de edición 22
100 1# - ENTRADA PRINCIPAL--NOMBRE DE PERSONA
Nombre de persona Fuei Liao , Yuan
9 (RLIN) 77949
245 13 - MENCIÓN DE TÍTULO
Título El león y el balón /
Mención de responsabilidad, etc. Yuan Fuei Liao ; ilustrador Kutty Reyes
264 #1 - PRODUCCIÓN, PUBLICACIÓN, DISTRIBUCIÓN, FABRICACIÓN Y COPYRIGHT
Producción, publicación, distribución, fabricación y copyright Santo Domingo :
Nombre del de productor, editor, distribuidor, fabricante USAID,
-- UNIBE,
Fecha de producción, publicación, distribución, fabricación o copyright 2016.
300 ## - DESCRIPCIÓN FÍSICA
Extensión 8 páginas
Dimensiones 22 cm.
Otras características físicas Ilustraciones
336 ## - TIPO DE CONTENIDO
Fuente rdacontent
Término de tipo de contenido texto
Código de tipo de contenido txt
337 ## - TIPO DE MEDIO
Fuente rdamedia
Nombre/término del tipo de medio sin mediación
Código del tipo de medio n
338 ## - TIPO DE SOPORTE
Fuente rdacarrier
Nombre/término del tipo de soporte volumen
Código del tipo de soporte nc
490 1# - MENCIÓN DE SERIE
Mención de serie Libros decodificables
-- Proyecto leer
Designación de volumen o secuencia Etapa D-2
500 ## - NOTA GENERAL
Nota general Los libros decodificables están compuestos de textos redactados con dificultad progresiva. Cada etapa decodificable enfatiza ciertas combinaciones de letras y sonidos tomando en cuenta el orden de frecuencia en la que aparecen en el idioma español, y el nivel de dificultad de la relación letra-sonidos.
500 ## - NOTA GENERAL
Nota general Combinación de grafemas: y, f, p, t, b, d.
500 ## - NOTA GENERAL
Nota general Grafemas anteriores: a, m, e, n, o, s, i, l, u, y.
520 ## - SUMARIO, ETC.
Sumario, etc. Mi papá ha plantado un bambú y ahora lo está abonando. El tiempo pasa y pasa, y el bambú sube y sube: va creciendo muy bien. Ya el bambú está muy sólido porque es fuerte. Llega una mula a curiosear. La mula piensa hacerle algo a la mata de bambú. El animal apunta con una pata al bambú. Le da una patada fuerte, pensando que así tumbará al bambú. Lo único que ha logrado la mula es lastimar su pata, que ahora está tiesa y con mucho dolor. Al bambú no le ha pasado nada. ¡Pobre mula!
521 ## - NOTA DE PÚBLICO DESTINATARIO
Nota de público destinatario Nivel primario
590 ## - NOTA LOCAL (RLIN)
Nota local Inventariado, 2024/ YL
700 ## - PUNTO DE ACCESO ADICIONAL--NOMBRE DE PERSONA
Nombre de persona Reyes, Kutty
9 (RLIN) 51092
Término indicativo de función/relación ilustraciones
910 ## - DATOS DE OPCIÓN DEL USUARIO (OCLC)
Datos de opción del usuario YLockward
942 ## - ELEMENTOS DE PUNTO DE ACCESO ADICIONAL (KOHA)
Fuente del sistema de clasificación o colocación Dewey Decimal Classification
Tipo de ítem Koha Folleto
Existencias
Estado de retiro Estado de pérdida Fuente del sistema de clasificación o colocación Restricciones de uso No para préstamo Código de colección Localización permanente Ubicación/localización actual Ubicación en estantería Fecha de adquisición Fuente de adquisición Total de préstamos Signatura topográfica completa Código de barras Fecha visto por última vez Precio válido a partir de Tipo de ítem Koha Número de copia
    Dewey Decimal Classification Excluido de préstamo   Infantojuvenil Patrimonio Dominicano Biblioteca Nacional Pedro Henríquez Ureña Biblioteca Nacional Pedro Henríquez Ureña En catalogación 20.07.2023 USAID- UNIBE   BNPHU F-CIJ-PD F953 2024-0690 06.02.2024 06.02.2024 Folleto  
    Dewey Decimal Classification Excluido de préstamo   Infantojuvenil Patrimonio Dominicano Biblioteca Nacional Pedro Henríquez Ureña Biblioteca Nacional Pedro Henríquez Ureña En catalogación 20.07.2023 USAID- UNIBE   BNPHU F-CIJ-PD F953 2024-0691 06.02.2024 06.02.2024 Folleto e. 2
    Dewey Decimal Classification Préstamo en sala   Dominicana de Servicio Biblioteca Nacional Pedro Henríquez Ureña Biblioteca Nacional Pedro Henríquez Ureña En catalogación 20.07.2023 USAID- UNIBE   BNPHU F-CIJ-DS F953 2024-0692 06.02.2024 06.02.2024 Folleto e. 3

Con tecnología Koha